000 00669nam a2200193 a 4500
001 000023924
005 20200930022556.0
008 110117s1993 sp r 000 0 spa d
020 _a8474612799
040 _aDO-SdBNP
_bspa
_cBNPHU
082 _axxxxx
_bS847e
100 1 _aStevenson, Robert Louis
_b1850- 1894
_91070
245 1 3 _aEl extraño caso del Dr. Jekyll y Mr. Hyde, Olalla, El tesoro de Franchard /
_cRobert Louis Stevenson.
260 _aMadrid :
_bClub Internacional del Libro,
_c1993.
300 _a200 p. ;
_c19 cm.
490 1 _aGrandes genios de la literatura universal.
830 0 _aGrandes genios de la literatura universal.
_97077
049 _aBNGR
999 _c23420
_d23420